każda potęga liczby 2 w kolejności - Statystyki

Ogólne statystyki
  • Ten quiz został rozwiązany 28 razy
  • Średni wynik to 17 z 21
Statystyki odpowiedzi
Hint Odpowiedź % Poprawnych
0 1
100%
1 2
100%
2 4
100%
4 16
96%
3 8
96%
5 32
93%
6 64
93%
10 1024
89%
7 128
89%
11 2048
89%
8 256
89%
12 4096
89%
9 512
89%
13 8192
81%
14 16384
70%
15 32768
67%
16 65536
56%
17 131072
48%
18 262144
44%
19 524288
44%
20 1048576
33%
Nie znaleziono quizów pasujących do podanych kryteriów
Rozkład punktacji
Procent ludzi z każdym wynikiem
Percentyl według liczby udzielonych odpowiedzi
Twoja historia wyników
Nie rozwiązałeś tego quizu